000 00509nam a22001817a 4500
003 CEME
005 20210628203039.0
008 210127b xxu||||| |||| 00| 0 eng d
020 _a0-521-79168-5
040 _c.
082 _a519.5 MON
100 _aMonahan, John F
_963005
245 _aNumerical methods of statistics
260 _aNEW YORK
_bCAMBRIDGE UNIVERSITY PRESS
_c2001
300 _aXIV,427P
650 _aMATHEMATICAL STATISTICS -DATA PROCESSING, NUMERICAL ANALYSIS
_963006
942 _cBK
_2ddc
999 _c571957
_d571957